书目信息 |
| 题名: |
USB2.0原理与工程开发
|
|
| 作者: | 王成儒 , 李英伟 编著 | |
| 分册: | ||
| 出版信息: | 北京 国防工业出版社 2004.01 |
|
| 页数: | ⅩⅢ, 465页 | |
| 开本: | 26cm | |
| 丛书名: | ||
| 单 册: | ||
| 中图分类: | TP334.7 | |
| 科图分类: | ||
| 主题词: | 电子计算机--接口--技术 | |
| 电子资源: | ||
| ISBN: | 7-118-03364-2 | |
| 000 | 00937nam0 2200253 450 | |
| 001 | 0165058468 | |
| 005 | 20050804184403.71 | |
| 010 | @a7-118-03364-2@dCNY49.00 (含光盘) | |
| 100 | @a20050424d2004 km y0chiy0120 ea | |
| 101 | 0 | @achi |
| 102 | @aCN@b110000 | |
| 105 | @aa z 000yy | |
| 200 | 1 | @aUSB2.0原理与工程开发@AUSB2.0 yuan li yu gong cheng kai fa@f王成儒, 李英伟编著@Fwang cheng ru,li ying wei bian zhu |
| 210 | @a北京@c国防工业出版社@d2004.01 | |
| 215 | @aⅩⅢ, 465页@c图@d26cm@e光盘1片 | |
| 307 | @a光盘 ISBN : 7-89999-853-0 | |
| 330 | @a本书全面系统地介绍了USB2.0的总线规范、USB设备的开发和应用,目的是使读者在了解USB基本原理的基础上,能较快掌握USB系统的设计及软硬件开发方法。 | |
| 333 | @aUSB开发应用人员。 | |
| 606 | 0 | @a电子计算机@x接口@x技术 |
| 690 | @aTP334.7@v4 | |
| 701 | 0 | @a王成儒@Awang cheng ru@4编著 |
| 701 | 0 | @a李英伟@Ali ying wei@4编著 |
| 801 | 0 | @aCN@bQSSK@c20050804 |
| 905 | @a10447@dTP334.7@eW125 | |
| USB2.0原理与工程开发/王成儒, 李英伟编著.-北京:国防工业出版社,2004.01 |
| ⅩⅢ, 465页:图;26cm+光盘1片 |
| 使用对象:USB开发应用人员。 |
| ISBN 7-118-03364-2:CNY49.00 (含光盘) |
| 本书全面系统地介绍了USB2.0的总线规范、USB设备的开发和应用,目的是使读者在了解USB基本原理的基础上,能较快掌握USB系统的设计及软硬件开发方法。 |
| ● |
| 相关链接 |
|
|
|
正题名:USB2.0原理与工程开发
索取号:TP334.7/W125
 
预约/预借
| 序号 | 登录号 | 条形码 | 馆藏地/架位号 | 状态 | 备注 |
| 1 | 525701 | 205257014 | 自科库301/301自科库 61排6列5层/ [索取号:TP334.7/W125] | 在馆 | |
| 2 | 525702 | 205257023 | 自科库301/301自科库 61排6列5层/ [索取号:TP334.7/W125] | 在馆 |